000 00462cam7a220013300 4500
005 20190819095917.0
008 001010
035 _a(Sirsi) a143259
099 _aThesis(PhD)Zin 1997
100 1 _aZinser Hartmut
_6A113530.1
245 1 0 _aSongs are the eyes of the spirit:st.Moses God'sspirit church of Zambia/
_cby Hurtmut Zinser
260 _aGermany:
_bThomas Kirsch Okerstrasse,
_c1997
650 0 _aCulture and Religion
_6S86050.1
999 _c100041
_d100041